Marcatori del Napoli in UEFA Champions League 2018-2019 - Statistics

Statistiche generali
  • Questo quiz è stato fatto 20 volte
  • Il punteggio medio è 6 su 7
Statistiche sulle risposte
Partita Minuto Marcatore % Corretto
Paris Saint-Germain 2-2 77' Dries Mertens
100%
Napoli - Stella Rossa 3-1 33' Dries Mertens
100%
Napoli - Stella Rossa 3-1 52' Dries Mertens
100%
Napoli - Liverpool 1-0 90' Lorenzo Insigne
89%
Paris Saint-Germain 2-2 29' Lorenzo Insigne
89%
Napoli - Paris Saint-Germain 1-1 63' Lorenzo Insigne
89%
Napoli - Stella Rossa 3-1 11' Marek Hamšík
74%
Nessun quiz corrispondente trovato
Distribuzione punteggi
Percentuale di utenti per punteggio
Percentile per numero di risposta
I tuoi punteggi nel tempo
Non hai fatto questo quiz